000 02355ncm0a2200433 4500
001 RU\NLR\ONIZ\197916
005 20250624194639.0
035 _a(NLR Aleph) 010888550
071 2 0 _aс 4645 к
090 _a10539016
_c10539016
100 _a20140402d2007 |||y0rusy50 ca
101 0 _aeng
_arus
102 _aRU
125 _aax
128 _aptt
145 0 _ab
200 1 _aПартита
_bНоты
_dPartita
_eдля 5 солирующих инстр. и струн. орк.
_fВ. Биберган
_zeng
208 _aПартитура
_dScore
210 _aСанкт-Петербург
_cКомпозитор - Санкт-Петербург
_dcop. 2007
215 _a75 с.
_d29, 5 см
313 _aСистематизация документа проведена по изданию - Методика классифицирования музыкальных произведений (нотных изданий) по таблицам Библиотечно-библиографических классификаций : метод. рекомендации / Гос. б-ка СССР им. В.И. Ленина.- М., 1977. Индексу ББК методических рекомендаций присваивается код ББК для научных библиотек - LBC/SL
606 1 _aПартиты
_yРоссия
_z20-21 вв.
_jНоты
_2nlr_sh
606 1 _aКонцерты инструментальные
_yРоссия
_z20-21 в.
_jНоты
_2nlr_sh
606 1 _aРусская инструментальная музыка
_yРоссия
_z20-21 вв.
_jНоты
_2nlr_sh
608 _aПартита
_xНоты
_yРоссия
_z20-21 вв.
_2nlr_sh
608 _aКонцерт инструментальный
_xНоты
_yРоссия
_z20-21 вв.
_2nlr_sh
686 _aЩ952.106-5-043(2Р=Р)П
_vLBC/SL
_2rubbk
686 _aЩ952.106-042(2Р=Р)П
_vLBC/SL
_2rubbk
700 1 _9z01790
_aБиберган
_bВ. Д.
_f1937-
_gВадим Давидович
_4230
_7ca
790 1 _9z01700
_aBibergan
_bV. D.
_f1937-
_gVadim Davidovich
_4230
_7ba
801 0 _aRU
_bNLR
_c20140402
_gPSBO
801 1 _aRU
_bNLR
_c20140402
_2rusmarc
801 2 _aRU
_bNLR
_c20171206
852 _aNLR
_bМ
_jК-3/26467
_p279120
_t1
852 _aNLR
_bМ
_jК-3/26467а
_p259416
_t2
942 _cSCORE
980 _aNB
980 _aONIZ